00414nam a2200145Ia 4500008004100000020001500041041000800056082001700064100002200081245008200103250000600185260003900191300001200230650002600242210716s2003 xx 000 0 und d a8129703556 aeng a658.162 SUDS aSudarsanam, Sudi. aCreating value from mergers and aquisitions: the challenges.bThe challenges. a1 aNew DelhibPearson Educationc2003 axxi,593 aMergers & Acqusitions